000 00636nam a2200217 4500
001 76922
003 BD-RjUL
005 20211209082915.0
008 200206r20031988ii ||||| |||| 00| 0 eng d
020 _a8123909292
_c: IRs. 130.00
035 _a(BD-RjUL)77146
040 _aBD-RjUL
_beng
_cBD-RjUL
_dBD-RjUL
041 _aeng
082 _223
_a540.3
_bSHD 2003
100 1 _aSharma, J. L.
_9238910
245 1 0 _aA Dictionary of chemistry /
_cJ. L. Sharma
260 _aNew Delhi:
_bCBS Publishers & Distributors,
_c1988 [Reprint 2003]
300 _a647 p. ;
_c24 cm.
650 _aChemistry
_xDictionaries.
_9238911
942 _2ddc
_cREF
999 _c76922
_d76922